1911 1056 1866 1318 1816 1578 1375 1325 1497 1175 1014 1695 1801 1322 1573 1835 1350 1337 1818 1973 1061 1095 1227 1820 1081 1113 1065 1641 1599 1856 1050 1656 1582 1617 1647 1033 1139 1145 1549 1091 1961 1727 1013 1891 1330 1784 1437 1781 1432 1419 1987 1789 1580 1493 1900 1759 1790 1885 1854 1414 1522 1563 1638 1979 1742 1149 1849 1855 1872 1558 1933 1631 1803 1524 1292 1840 1137 1774 1747 1846 1148 1216 1933 1426 1419 1576 1300 1073 1723 1760 1536 1829 1001 1449 1354 1236 1289 1500 1525 BCNSPRNW ULIB Ver.6.0+V

เปลี่ยนเป็นภาษาไทย

Change to English
 แสดงรายละเอียดบรรณานุกรม
  กลับหน้าหลัก

Brief Record : Get Marc (ISO 2709) : E-mail record : QR code < ปิดหน้าต่าง
LEADER : 00000nam 2200000uu 4500
001    13399109603
003     ULIB
008    110405s2547||||th 000 0 tha d
020    9749507029
060 04 WB537^bพ634น ล.1 2547
100 0  พิศิษฐ เบญจมงคลวารี
245 10 นวดเพื่อผ่อนคลายทั่วร่างกาย /^cโดย พิศิษฐ เบญจมงคลวารี ;บรรณาธิการ, ภัทรวัต เบญจมงคลวารี
250    พิมพ์ครั้งที่ 3
260    กรุงเทพฯ :^bหมอชาวบ้าน,^c2547
300    97 หน้า :^bภาพประกอบ ;^c21 ซม.
440    นวดไทยเพื่อสุขภาพ ;^vล.1
650  7 การนวด
700 0  ภัทรวัต เบญจมงคลวารี,^eบรรณาธิการ
945    ^p95^l0^i017781
945    ^p95^l0^i017780
995    ทศพร
999 ^a ใช้งานได้ทุกระบบ
รายการนี้ยังไม่มีแท็ก
คุณยังไม่ได้ล็อกอิน คุณสามารถมีกิจกรรมร่วมกับเว็บไซต์ได้ แต่ต้องล็อกอินก่อน ::
  ล็อกอิน

รายการสื่อสารสนเทศ

ลำดับที่ ประเภท เลขเรียก/บาร์โค้ด สถานที่ สถานะ
- ไม่พบข้อมูล -

รายการใกล้เคียง
    ผู้แต่ง [พิศิษฐ เบญจมงคลวารี]

    หัวเรื่อง [การนวด]

BibComment


ยังไม่เคยถูกคอมเมนท์

คอมเมนท์ทรัพยากรรายการนี้
  คอมเมนท์: นวดเพื่อผ่อนคลายท..


 Copyright 2026. Bcnsprnw @Library